Sly Cooper Episodes - Statistics

General Stats
  • This quiz has been taken 53 times
  • The average score is 12 of 24
Answer Stats
Game Episode % Correct
Sly 3: Honor Among Thieves Rumble Down Under
66%
Sly Raccoon Tide of Terror
66%
Sly 2: Band Of Thieves The Black Chateau
64%
Sly 3: Honor Among Thieves An Opera of Fear
61%
Sly Raccoon Sunset Snake Eyes
61%
Sly 2: Band Of Thieves Jailbreak
59%
Sly 3: Honor Among Thieves Honor Among Thieves
57%
Sly 3: Honor Among Thieves Dead Men Tell No Tales
55%
Sly 3: Honor Among Thieves Flight of Fancy
55%
Sly Cooper: Thieves In Time Go West Young Raccoon
55%
Sly 3: Honor Among Thieves A Cold Alliance
52%
Sly 2: Band Of Thieves A Tangled Web
52%
Sly 2: Band Of Thieves He Who Tames the Iron Horse
52%
Sly Raccoon Vicious Voodoo
50%
Sly Raccoon Fire in the Sky
48%
Sly Raccoon The Cold Heart of Hate
48%
Sly Cooper: Thieves In Time Turning Japanese
48%
Sly 2: Band Of Thieves The Predator Awakes
43%
Sly 2: Band Of Thieves A Starry Eyed Encounter
39%
Sly Cooper: Thieves In Time 40 Thieves
36%
Sly 2: Band Of Thieves Menace from the North, eh!
34%
Sly Cooper: Thieves In Time Clan of the Cave Raccoon
32%
Sly 2: Band Of Thieves Anatomy for Disaster
30%
Sly Cooper: Thieves In Time Of Mice and Mechs
30%
No matching quizzes found
Score Distribution
Percent of People with Each Score
Percentile by Number Answered
Your Score History
You have not taken this quiz